Statistics for Jekyll and Hyde Musical - Alive - Missing Lyrics

Click here to take the quiz!

General Stats

  • This quiz has been taken 37 times
  • The average score is 43 of 48

Answer Stats

CharacterLine% Correct
Feeling {alive}
100%
Felt so {alive}
100%
I feel {alive}
100%
It's the feeling of being {alive}
100%
It's the feeling of being Edward {Hyde}
100%
That's the feeling of being Edward {Hyde}
100%
There's no feeling like being Edward {Hyde}
100%
What a feeling to be so {alive}
100%
With this feeling of being {alive}
100%
I do not know what I {seek}
97%
It's a truth that cannot be {denied}
97%
It's a truth that cannot be {denied}
97%
Like the moon: an {enigma}
97%
Steal from all the {gods}
97%
Yet, I'll seek it {alone}
97%
And I'll show the world that tonight and {forever}
93%
Burning with primitive {fire}
93%
Feeling like {this}
93%
Filled with {evil}, but truly alive
93%
I've never {known}
93%
{Making} me know
93%
Such a feeling of {evil} inside
93%
There is no battle I couldn't {survive}
93%
This time the predator's {me}
93%
With {Satan} himself by my side
93%
And I feel I'll {live} on forever
90%
Animals trapped behind bars in the {zoo}
90%
Damned by some heavenly {stigma}
90%
Sinister, dark and {unknown}
90%
The name to {remember}'s the name Edward Hyde
90%
Mr HydeWhat is this feeling of power and {drive}
90%
Where does this feeling of power {derive}
90%
{Why} I'm alive
90%
But blazing with {light}
87%
{Never} have I
87%
Like the night, it's a {secret}
83%
Fills my whole soul with it's {curse}
80%
I have a thirst that I cannot {deprive}
80%
Berserk and {perverse}
77%
Conquer all the {odds}
77%
Lost and alone in the {night}
77%
Tonight, I'll take from all {mankind}
77%
I have never {seen} me so alive
73%
There's a new {world} I see come alive
73%
Need to run {rampant} and free
70%
Tonight, I'll plunder heaven {blind}
70%
Predators live by the prey they {pursue}
67%
{Lust} like a raging desire
57%

Score Distribution

Percentile by Number Answered

Percent of People with Each Score

Your Score History

You have not taken this quiz